A veréb [vers] /

Elmentve itt :
Bibliográfiai részletek
Szerző: Móra Ferenc
Dokumentumtípus: Cikk
Megjelent: 1938
Sorozat:Gyakorlati pedagógia 5 No. 10
Kulcsszavak:Magyar irodalom - vers
Tárgyszavak:
Online Access:http://acta.bibl.u-szeged.hu/51730
LEADER 00628nab a2200193 i 4500
001 acta51730
005 20250410083433.0
008 180508s1938 hu o 000 hun d
040 |a SZTE Egyetemi Kiadványok Repozitórium  |b hun 
041 |a hun 
100 1 |a Móra Ferenc 
245 1 2 |a A veréb   |h [elektronikus dokumentum] :  |b [vers] /  |c  Móra Ferenc 
260 |c 1938 
300 |a 594 
490 0 |a Gyakorlati pedagógia  |v 5 No. 10 
650 4 |a Bölcsészettudományok 
650 4 |a Nyelvek és irodalom 
695 |a Magyar irodalom - vers 
856 4 0 |u http://acta.bibl.u-szeged.hu/51730/1/gyakorlati_1938_010_594.pdf  |z Dokumentum-elérés